แสดงรายละเอียดบรรณานุกรม
  กลับหน้าหลัก

Brief Record : Get Marc (ISO 2709) : E-mail record : QR code ปิดหน้าต่าง
LEADER 00000nama 2200000uu 4500
001    182169
003     ULIBM
008    040531s2535 th m m a000 0 tha d
020    974-556-032-4
041    tha
050    WL355 จ787
100    เจียมจิต แสงสุวรรณ
245    โรคหลอดเลือดสมอง:การวินิจฉัยและการจัดการทางพยาบาล/เจียมจิต แสงสุวรรณ 001
260    ขอนแก่น ภาควิชาการพยาบาลกุมารเวชศาสร์ คณะพยาบาลศาสตร์มหาวิทยาลัยขอนแก่น 2535
300    294 หน้า
650    หลอดเลือดสมอง,โรค--การพยาบาล ชื่อเรื่อง
998    1998-11-17
รายการนี้ยังไม่มีแท็ก
คุณยังไม่ได้ล็อกอิน คุณสามารถมีกิจกรรมร่วมกับเว็บไซต์ได้ แต่ต้องล็อกอินก่อน ::
  ล็อกอิน
ลำดับที่ ประเภท เลขเรียก สถานที่ สถานะ
1. หนังสือทั่วไป
หนังสือทั่วไป
WL355 จ787 2535  
  
หนังสือทั่วไป On Shelf
  ขอยืม
2. หนังสือทั่วไป
หนังสือทั่วไป
WL355 จ787 2535  
  
หนังสือทั่วไป On Shelf
  ขอยืม
3. หนังสือทั่วไป
หนังสือทั่วไป
WL355 จ787 2535  
  
หนังสือทั่วไป On Shelf
  ขอยืม
4. หนังสือทั่วไป
หนังสือทั่วไป
WL355 จ787 2535  
  
หนังสือทั่วไป On Shelf
  ขอยืม
5. หนังสือทั่วไป
หนังสือทั่วไป
WL355 จ787 2535  
  
หนังสือทั่วไป On Shelf
  ขอยืม
6. หนังสือทั่วไป
หนังสือทั่วไป
WL355 จ787 2535  
  
หนังสือทั่วไป On Shelf
  ขอยืม
7. หนังสือทั่วไป
หนังสือทั่วไป
WL355 จ787 2535  
  
หนังสือทั่วไป On Shelf
  ขอยืม
8. หนังสือทั่วไป
หนังสือทั่วไป
WL355 จ787 2535  
  
หนังสือทั่วไป On Shelf
  ขอยืม
9. หนังสือทั่วไป
หนังสือทั่วไป
WL355 จ787 2535  
  
หนังสือทั่วไป On Shelf
  ขอยืม
10. หนังสือทั่วไป
หนังสือทั่วไป
WL355 จ787 2535  
  
หนังสือทั่วไป On Shelf
  ขอยืม
11. หนังสือทั่วไป
หนังสือทั่วไป
WL355 จ787 2535  
  
หนังสือทั่วไป On Shelf
  ขอยืม
12. หนังสือทั่วไป
หนังสือทั่วไป
WL355 จ787 2535  
  
หนังสือทั่วไป On Shelf
  ขอยืม
  1 2 [2]   [แสดง 12/22 รายการ]

รายการใกล้เคียง
    ผู้แต่ง [เจียมจิต แสงสุวรรณ]

BibComment


ยังไม่เคยถูกคอมเมนท์

คอมเมนท์ทรัพยากรรายการนี้
  คอมเมนท์: โรคหลอดเลือดสมองก..
Bib 182169

 
 
 

 Union Library Management : ULibM
Copyright 2026. All Rights Reserved.
скачать бесплатно без регистрации порно красивый секс HD Sex Hindi sex

xxx gou

xxxx

bfxxx

xxxwww

Секса Видео

xxxx

Секса Видео

detube

geilexxx

C99 Shell

worms shell

blod xxx video
Ebony Coed Rihanna Rimes Takes A Dick In Her Young Twat priyaa indian fuck anal and pusssy hardcore indian women xxx desi hardcore fucking part 1 bengalixxxcouple